000 00331nam a2200121Ia 4500
008 230907s9999||||xx |||||||||||||| ||und||
082 _a621.194
_bHES
100 _aHeselton, Kenneth E.,
_9115778
245 0 _aBoiler operator's handbook /
300 _axiii, 488 pages :
650 _aHandbooks, manuals, etc.
_911475
942 _cBK
999 _c599539
_d599539